| 000 | 01173cam a2200277 4500 | ||
|---|---|---|---|
| 001 | WB@3612-553 | ||
| 008 | 040706n2004 000 0 eng u | ||
| 035 | _a(Sirsi) u126712 | ||
| 245 | _aDollar investors' advantage | ||
| 260 | _c2004 | ||
| 490 |
_aEuroproperty _v July 2004, 2(1) |
||
| 520 | _aDollar investors saw a 23.9% return last year compared to 3.4% for euro investors, according to the first results from IPD's consultative pan-European index. The impact of currency strength is shown by the fact that results were reversed in 2001, when dollar-dominated investors in Europe earned a 1.9% return and euro investors a 8.4% return. IPD has released the data to consult the industry on technical issues such as the method for estimating the size of investment markets, in order to release the full pan-European index in 2005. | ||
| 590 | _aWB | ||
| 590 | _aWB | ||
| 650 | _aIPD INDEX | ||
| 650 | _aPAN-EUROPEAN | ||
| 650 | _aRETURNS | ||
| 650 | _aPROPERTY INVESTORS | ||
| 650 | _aINVESTMENT PERFORMANCE | ||
| 650 | _aEUROS | ||
| 650 | _aDOLLARS | ||
| 650 | _aEUROPE | ||
| 650 | _aCONSULTATION PROCESS | ||
| 690 | _aINVESTMENT | ||
| 942 | _n0 | ||
| 999 |
_c117651 _d117651 |
||